Literary Blender Quiz Stats

 Plays Quiz not verified by Sporcle

Challenge
Share
Tweet
Embed
Score 0/10 Timer 10:00
0 Plays Today
Passage Work % Correct
I do not eat them in the darkness peering, long I wheeled a box. I do not like them anywhere! (2/2)Green Eggs and Ham
91.8%
His Aunt Petunia was no sign at the borogoves, And the front step, but Privet Drive had been a baby, and it came! (2/2)Harry Potter and the Philosopher's Stone
85.7%
You see, Aunt Polly's awful particular about this fence, and she wouldn't let him; Sid wanted to like it. (2/2)The Adventures of Tom Sawyer
83.7%
Would you, in the lamp-light o'er him streaming throws his songs one word, `Lenore!' Merely this grim, ungainly, ghastly, gaunt, and ham! (1/2)The Raven
75.5%
No more -- and by opposing end The slings and scorns of action. (2/2)Hamlet
71.4%
A single man of dragon-hoards before, but his design in possession of dwarves; and silver red-stained in possession of mail, helms and a wife on his costly bed. (1/2)The Hobbit
67.3%
He was playing when he was very phony—I mean him when he was finished. You should’ve heard the dread of outrageous fortune or to sleep. (1/2)The Catcher in the Rye
65.3%
He went snicker-snack! He had hardly changed at all. The sun rose on the owls. Only the fair, playing a start. (1/2)Jabberwocky
53.1%
Behind him a thrumming came from his wife, “how can you talk so!' (2/2)Pride and Prejudice
26.5%
In his house in dreams to the earth again beneath his house at R’lyeh under the first men, and she wouldn't hardly do, Ben. (1/2)The Call of Cthulhu
12.2%

You're not logged in!

Compare scores with friends on all Sporcle quizzes.
Join for Free
OR
Log In

You Might Also Like...

Show Comments

Extras

Created Jun 9, 2014SourceReportNominate
Tags:scramble

Top Quizzes Today


Score Distribution

Your Account Isn't Verified!

In order to create a playlist on Sporcle, you need to verify the email address you used during registration. Go to your Sporcle Settings to finish the process.

Report this User

Report this user for behavior that violates our Community Guidelines.

Details: